| 000 | 00403nam a2200157Ia 4500 | ||
|---|---|---|---|
| 008 | 210716s2003 xx 000 0 und d | ||
| 020 | _a1841120863 | ||
| 041 | _aeng | ||
| 082 | _a658.162 GRUT | ||
| 100 | _aGrundy, Tony. | ||
| 245 |
_aSmart things to know about: mergers and acquisitions. _bMergers and acquisitions. |
||
| 250 | _a1 | ||
| 260 |
_aOxford _c2003 |
||
| 300 | _ax,252 | ||
| 650 | _aNone | ||
| 999 |
_c206447 _d206447 |
||